Statistics for Countries ruled by the Mongol empire

Click here to take the quiz!

General Stats

  • This quiz has been taken 14 times
  • The average score is 25 of 36

Answer Stats

HintAnswer% Correct
Middle eastArmenia
86%
East AsiaChina
86%
Middle eastIran
86%
South AsiaMyanmar
86%
East AsiaNorth Korea
86%
South East EuropeRomania
86%
Asia MinorTurkey
86%
South East EuropeUkraine
86%
South East EuropeBulgaria
79%
Middle EastGeorgia
79%
Middle eastIraq
79%
Middle EastIsrael
79%
South east AsiaLaos
79%
North of IndiaNepal
79%
West of IndiaPakistan
79%
East AsiaSouth Korea
79%
South east AsiaThailand
79%
South of RussiaTurkmenistan
79%
South east AsiaVietnam
79%
South east AsiaCambodia
71%
South AsiaIndia
71%
Middle EastKuwait
71%
Middle EastLebanon
71%
South East EuropeMoldova
71%
AsiaMongolia
71%
Norht EurasiaRussia
71%
South of RussiaUzbekistan
71%
South of RussiaAfghanistan
64%
South East EuropeGreece
64%
Middle EastSyria
64%
South east EuropeHungary
57%
South of RussiaKazakstan
36%
Middle eastPalestine
29%
Middle eastAzerbijan
14%
South of RussiaKyrgistan
7%
South of RussiaTajikatsan
7%

Score Distribution

Percentile by Number Answered

Percent of People with Each Score

Your Score History

You have not taken this quiz